000
00291nam a2200109 a 4500
005
20201002052859.0
008
150817s2009 000 spa d
020
_a
9789945170955
245
0
_a
Ciencias sociales : educación básica.
260
_a
Santo Domingo : SM,
_c
2009.
999
_c
45938
_d
45938
040
_a
DO-SdBNP